000 00770cam a2200253 a 4500
001 599870
005 20180313054819.0
008 911106s1992 paua b 001 0 eng c
010 _a 91042518
020 _a0803665776 (alk. paper) :
_c$36.00
040 _aDNLM/DLC
_cDLC
_dDLC
041 _aeng
060 _aWE 300 N841j
080 _a612.7/5 cyr
082 0 0 _a612.7/5 cyr
_220
100 1 _a4
101 _a shm
245 1 0 _aJoint structure & function :
_cCynthia C. Norkin, Pamela K. Levangie.
504 _aIncludes bibliographical references and index.
740 0 _aJoint structure and function.
906 _a7
_bcbc
_corignew
_d1
_eocip
_f19
_gy-gencatlg
942 _2ddc
_cBK
999 _c44875
_d44875